[Event "COL-ch U14"]
[Site "Barranquilla"]
[Date "2024.04.13"]
[Round "4"]
[White "Rios Jimenez, Martin"]
[Black "Ballesteros Benitez, Santiago Alonso"]
[Result "1/2-1/2"]
[WhiteElo "1435"]
[BlackElo "1654"]
[PlyCount "47"]
[EventDate "2024.04.11"]
[EventType "swiss"]
[EventRounds "7"]
[EventCountry "COL"]
[SourceTitle "CBM 219 Extra"]
[Source "ChessBase"]
[SourceDate "2024.05.31"]
[SourceVersion "1"]
[SourceVersionDate "2024.05.31"]
[SourceQuality "1"]

1. e4 c5 2. Nf3 d6 3. Bb5+ Bd7 4. Bxd7+ Qxd7 5. c4 Nc6 6. Nc3 g6 7. d4 cxd4 8. Nxd4 Bg7 9. Be3 Nf6 10. f3 0-0 11. b3 Rac8 12. 0-0 a6 13. Qd3 Nb4 14. Qd2 Qc7 15. Nd5 Nbxd5 16. exd5 Rfe8 17. Rac1 Nd7 18. Ne2 Nc5 19. Bd4 Qb6 20. Kh1 Bxd4 21. Nxd4 e5 22. dxe6 Nxe6 23. Rcd1 Rcd8 24. Ne2 1/2-1/2

[Event "Barranquilla Carnaval Cup"]
[Site "Barranquilla"]
[Date "2024.02.06"]
[Round "6"]
[White "Castro Herrera, Juan Sebastian"]
[Black "Ballesteros Benitez, Santiago Alonso"]
[Result "1-0"]
[WhiteElo "1105"]
[BlackElo "1442"]
[PlyCount "108"]
[EventDate "2024.02.03"]
[EventType "swiss"]
[EventRounds "9"]
[EventCountry "COL"]
[SourceTitle "CBM 218 Extra"]
[Source "ChessBase"]
[SourceDate "2024.03.31"]
[SourceVersion "1"]
[SourceVersionDate "2024.03.31"]
[SourceQuality "1"]

1. e4 c5 2. Be2 Nc6 3. d3 g6 4. f4 Bg7 5. c3 d5 6. Nf3 dxe4 7. dxe4 Qxd1+ 8. Bxd1 e5 9. fxe5 Nxe5 10. Nxe5 Bxe5 11. Be3 b6 12. Nd2 Ba6 13. Bb3 Ne7 14. Nc4 Bxc4 15. Bxc4 0-0 16. Bh6 Bg7 17. Bxg7 Kxg7 18. 0-0-0 Rad8 19. Rxd8 Rxd8 20. Rf1 f6 21. e5 f5 22. g4 Kh6 23. Be6 Rd3 24. gxf5 gxf5 25. Bxf5 Re3 26. Bxh7 Rxe5 27. Bd3 Nd5 28. c4 Nb4 29. Bb1 Kg7 30. a3 Nc6 31. Rg1+ Kf8 32. Ba2 Nd4 33. Rf1+ Ke7 34. h3 Re2 35. Rh1 Kf6 36. h4 Kg7 37. Rh3 a5 38. Bb3 Kf6 39. Bd1 Re4 40. b3 Ne2+ 41. Bxe2 Rxe2 42. Rd3 Ke6 43. Rd8 Rh2 44. Rb8 Rxh4 45. Rxb6+ Kd7 46. Rb5 Rh7 47. a4 Kd6 48. Kb2 Kc6 49. Rxa5 Rh8 50. Ra7 Rb8 51. Rf7 Rd8 52. Rf2 Rd7 53. a5 Kb7 54. Ka3 Ka7 1-0